000 00561nam a22001817a 4500
999 _c15339
_d15339
082 _a631.7
_bJOS/ST
100 _aJOSHI, GEMINI
_93010
245 _aStudy of water and impact energy distribution pattern of selected sprinkler heads
260 _aTavanur
_bKelappaji College of Agricultural Engineering and Technology
_c1991
300 _a110
500 _aproject report
520 _aproject report
650 _aproject report
_92985
700 _aPreethi, K. P
_93011
700 _aShreemat Shrestha
_93012
700 _aShyla Josheph
_93013
942 _cPR